00648nam a22002052 4500001001100000005001700011008004100028020001700069040001500086100003300101245012200134250001300256260003100269300001900300650003400319650004200353700004100395852000300436852000300439000002034720151217155228.0110913s xx 000 0 eng d a0199289073 : aKABUcKABU1 aPocock, Gillian.@000018054014aThe Human body :ban introduction for the biomedical and health sciences /cGillian Pocock & Christopher D. Richards. a1st ed. aOxford :bO. U. P.,c2009. axviii, 795 p. 0aHuman physiology.@0000155597 0aPhysiology, Pathological.@00001558661 aRichards, Christopher D.@00001805411 1